000
00325nam a22001217a 4500
008
260506b |||||||| |||| 00| 0 eng d
082
_a
001752
100
_a
K. Krishnamurthy
245
_a
Kannada Kavyalankara Sutra: Vrutti
260
_a
Mysuru
_b
Dr. K. Krishnamurthy Research Foundation
_c
2019
300
_a
236p
942
_2
ddc
999
_c
1435
_d
1435